00749nam a2200205 a 450000100100000000500170001000800410002704000250006810000250009324500680011826000420018630000200022849000100024870000260025883000170028404900090030195201050031095201110041599900170052600002698520200930030529.0110328s1983 dr ac 000 0 spa d aDO-SdBNPbspacBNPHU1 aArias, Rafael95408510aIn memoriam :ba Marcelino Vega /cRafael Arias, Alfredo Arias. aSanto Domingo :bImprenta Paz,c1983. a71 p. ;c14 cm.1 aEduca1 aArias, Alfredo954086 0aEduca954087 aBNPD 0010718PDaPDbPDcCTd2011-03-28iLF1l0o p26985-10r2020-06-25w2020-06-25yLFPDZNo se presta 0010718PDaPDbPDcCTd2011-05-10iLF1l0o p26985-20r2020-06-25te. 2w2020-06-25yLFPDZNo se presta c26477d26477